Netsuké
One of the chief attractions of the book is its impressive set of illustrations. these consist of fifty-five photographic plates-nine of them in color - picturing a total of 214 netsuke, ranging from the late 17th to the late 19th century. Also shown are a number of inro, the medicine or seal boxes...
Сохранить в:
| Главный автор: | |
|---|---|
| Формат: | |
| Язык: | Undetermined |
| Опубликовано: |
Rutland
Charles E. Tuttle Company
1969
|
| Предметы: | |
| Метки: |
Добавить метку
Нет меток, Требуется 1-ая метка записи!
|
| Thư viện lưu trữ: | Trung tâm Học liệu Trường Đại học Cần Thơ |
|---|
| LEADER | 00837nam a2200193Ia 4500 | ||
|---|---|---|---|
| 001 | CTU_108199 | ||
| 008 | 210402s9999 xx 000 0 und d | ||
| 082 | |a 736.68 | ||
| 082 | |b J76 | ||
| 100 | |a Jonas, F. M. | ||
| 245 | 0 | |a Netsuké | |
| 245 | 0 | |c F. M. Jonas | |
| 260 | |a Rutland | ||
| 260 | |b Charles E. Tuttle Company | ||
| 260 | |c 1969 | ||
| 520 | |a One of the chief attractions of the book is its impressive set of illustrations. these consist of fifty-five photographic plates-nine of them in color - picturing a total of 214 netsuke, ranging from the late 17th to the late 19th century. Also shown are a number of inro, the medicine or seal boxes to which the netsuke were attached to serve as pendants or toggles. | ||
| 650 | |a Netsukes | ||
| 904 | |i Hạ Nguyên | ||
| 980 | |a Trung tâm Học liệu Trường Đại học Cần Thơ | ||